000 00867nam a22002177a 4500
005 20240530110925.0
008 220221s1991 ua c g b 000 0 ara d
040 _aEG-CaGPL
_cEG-CaGPL
082 0 4 _221
_a347.02 /
_bع ق
100 0 _aعزالدين الدناصورى
245 1 2 _aالقضاء المستعجل وقضاء التنفيذ فى ضوء الفقه والقضاء /
_bتاليف عزالين الدناصورى ، حامد عكاز
260 _aالقاهرة :
_bدار المعارف،
_c1991
300 _a1032ص؛
_c24 سم
650 0 7 _aقاضى الامور المستعجلة
_2qrmak
650 0 7 _aالحراسة القضائية
_2qrmak
650 0 7 _aالقانون
_2qrmak
650 0 7 _aالدعوى المستعجلة
_2qrmak
650 0 7 _aقاضى التنفيذ
_2qrmak
942 _2ddc
_cBK
999 _c66556
_d66556